MARC

LEADER 00000nam0a2200000 4500
001 265830
005 20231101233943.0
020 |a RU  |b 86-62394 
035 |a (RuTPU)RU\TPU\book\288832 
090 |a 265830 
100 |a 20140630d1986 k y0rusy5003 ca 
101 0 |a rus 
102 |a BY 
105 |a a z 001zy 
200 1 |a Плейстоцен Речицкого Приднепровья Белоруссии  |e [сборник статей]  |f Академия наук Белорусской ССР (АН БССР), Институт геохимии и геофизики 
210 |a Минск  |c Наука и техника  |d 1986 
215 |a 168 с.  |c ил.  |d 26 см 
320 |a Библиогр. в конце статей 
606 1 |a Плейстоценовые отложения  |2 stltpush  |3 (RuTPU)RU\TPU\subj\49215  |9 68017 
610 1 |a Белоруссия 
610 1 |a Приднепровье 
610 1 |a антропогеновые отложения 
610 1 |a геологическое строение 
610 1 |a морены 
610 1 |a вещественный состав 
610 1 |a озерно-аллювиальные отложения 
610 1 |a литолого-геохимическая характеристика 
675 |a 551.791  |z rus  |v 4 
712 0 2 |a Академия наук Белорусской ССР (АН БССР)  |b Институт геохимии и геофизики  |2 stltpush  |3 (RuTPU)RU\TPU\col\11735 
801 0 |a RU  |b RuMRKP  |c 19960705  |g psbo 
801 1 |a RU  |b 63413507  |c 20140630 
801 2 |a RU  |b 63413507  |c 20151029  |g RCR 
942 |c BK